000 00390nam a2200145Ia 4500
008 210210b1969 xxu||||| |||| 00| 0 eng d
082 _a338 KUCI
100 _aKUCHHAL (S C).
245 _aIndustrial economy of India.
260 _aAllahabad
_bChaitanya Publishing House
_c1969
300 _a636
650 _aIndian industrial economy
690 _aIndustrial Economics
906 _a028209
999 _c79463
_d79463